00856nam a2200193Ia 4500952010800000952009600108999001700204008004100221020001500262082002000277100005500297245007500352260006600427300001700493519004300510650004300553650005900596942000700655 00104070a01b01d2009-09-02l1of 351.72 M611dp01 010893r2019-04-04s2019-04-04t1w2012-06-24yLB 00104070a01b01d2020-01-16l0of 351.72 M611dp01 011070r2020-01-16t2w2020-01-16yLB c60886d60886120622s2006 mx r 000 0 spa d a9707125691 4af 351.72bM611d aMéxico. Suprema Corte de Justicia de la Nación1 aDeclaración de Jurícac / Suprema Corte de Justicia de la Nación3 aMéxicob : Suprema Corte de Justicia de la Naciónc, 2006 a22 páginas aMaterial Complementario /d(01 010893)14aADMINISTRACIÓN DE JUSTICIAzMÉXICO24aSISTEMA NACIONAL DE IMPARTIDORES DE JUSTICIAzMÉXICO cLB